Countries of the World Quiz - 20 Less Guessed Countries - Statistics

General Stats
  • This quiz has been taken 3,644 times
  • The average score is 14 of 20
Answer Stats
POSN (% guessed) COUNTRY % Correct
2. (10%) Nauru
83%
5. (11%) Tuvalu
83%
7. (12%) Palau
82%
8. (12%) Marshall Islands
81%
11. (13%) Saint Kitts and Nevis
80%
3. (10%) Kiribati
79%
6. (11%) Saint Vincent and the Grenadines
79%
18. (16%) Tonga
79%
10. (13%) Saint Lucia
78%
19. (16%) Samoa
77%
1. (10%) Sao Tome and Principe
77%
13. (14%) Vanuatu
77%
16. (15%) Solomon Islands
76%
4. (10%) Comoros
69%
15. (14%) Antigua and Barbuda
68%
9. (12%) Grenada
67%
17. (15%) Djibouti
46%
20. (16%) Burundi
45%
14. (14%) Equatorial Guinea
45%
12. (13%) Guinea-Bissau
41%
No matching quizzes found
Score Distribution
Percent of People with Each Score
Percentile by Number Answered
Your Score History
You have not taken this quiz